Catholic Holy Days Quiz Stats

Quiz not verified by Sporcle

Challenge
Share
Tweet
Embed
Score 0/14 Timer 03:00
0 Plays Today
Observed in... Holy Day % Correct
UniversalChristmas
94.8%
Ireland onlySt. Patrick's Day
69.8%
USA, Poland, Brunei, Malaysia, Singapore, Italy, Ireland, GermanyAll Saints' Day
66.1%
USA, Poland, Brunei, Malaysia, Singapore, Italy, Ireland, Greece, GermanyAssumption of the Blessed Virgin Mary
55.6%
USA, Philippines, Italy, IrelandFeast of the Immaculate Conception
51.1%
USA, Netherlands, Brunei, Malaysia, SingaporeAscension
48.9%
Poland, Italy, Ireland, Greece, GermanyEpiphany
45.9%
Observed in... Holy Day % Correct
Germany onlyEaster Monday
27%
UniversalSunday
23.7%
USA, Poland, Philippines, Italy, Greece, Germany, PhilippinesSolemnity of Mary, Mother of God
20.9%
Poland, GermanyCorpus Christi
13.4%
England and Wales onlySolemnity of Saints Peter and Paul, Apostles
13.4%
Germany onlyPentecost Monday
7.8%
Germany onlySecond Christmas Day
3.5%

You're not logged in!

Compare scores with friends on all Sporcle quizzes.
Sign Up with Email
OR
Log In

You Might Also Like...

Show Comments

Extras

Top Quizzes Today


Score Distribution

Your Account Isn't Verified!

In order to create a playlist on Sporcle, you need to verify the email address you used during registration. Go to your Sporcle Settings to finish the process.